000 00562nam a22002177a 4500
003 UA-OsUOA
001 111447
007 ta
008 20150525b un ||||| |||| 00| 0 ukr d
100 _aМедуниця Ю.
090 _a330(477)
_bМ42
942 _cSA
040 _aUA-OsUOA
_bukr
_cUA-OsUOA
_dUA-OsUOA
245 _aШирока приватизація відкрває шляхи бізнесу
300 _aС.2
955 _a0
041 _aukr
080 _a330(477)
773 0 _w111446
650 7 _a330 Економіка взагалі
_2UDC
999 _c397560
_d397560